000 00553nam a2200229Ia 4500
003 OSt
005 20220912144337.0
006 a|||||r|||| 00| 0
007 ta
008 220909b |||||||| |||| 00| 0 eng d
020 _aSL0597313
024 _a196184
037 _cTextual
040 _aCSL
_beng
_cCSL
041 _aeng
082 _aY33:1:75, L1
100 _aHawley A H
245 0 _aUrban society An ecological approach
700 _aHawley A H
942 _hY33:1:75, L1
_cTEXL
_2CC
999 _c5511
_d5511